| 000 | 00999nam a22003137a 4500 | ||
|---|---|---|---|
| 001 | BR2015004558 | ||
| 003 | BR-BrBNA | ||
| 005 | 20230928104715.0 | ||
| 007 | ta | ||
| 008 | 230509b bl.||||| |||| 00| 0 por d | ||
| 040 |
_aBR-BrBNA _bpor _cBiblioteca Nacional de Agricultura |
||
| 041 | _a(Por) | ||
| 072 | _aE14; U10 | ||
| 090 | _ E14 BR2015004558 | ||
| 100 | 1 | _aPessoa, F. de M. | |
| 100 | 1 | _aSantos, R.B.N. dos | |
| 100 | 1 | _aBraga, M.J. | |
| 100 | 1 | _aLopes, M.L.B. (org.) | |
| 100 | 1 | _aPaula, R.B.S.M. de (org.) | |
| 110 | 1 | _aBanco da Amazônia, Belém, PA (Brasil) | |
| 245 | 1 |
_aConvergência da produtividade da terra e do trabalhador no setor agropecuário da Região Norte do Brasil _bSérie Estudos de Impactos do FNO,3 |
|
| 260 | 3 |
_aBelém, PA (Brasil): _c2013. |
|
| 300 | _a81 p. | ||
| 500 | _aBibliography p. 77-81; Summary (Por); 16 graphs.; 23 tables | ||
| 650 | _aPRODUTIVIDADE | ||
| 650 | _aESTATÍSTICA | ||
| 909 |
_a202309 _bLucia _c55 _dLucia Elande |
||
| 942 | _cBK | ||
| 999 |
_c81316 _d81316 |
||